000
00293nam a2200121Ia 4500
005
20251222140109.0
008
251222s1900||||xx |||||||||||||| ||spa||
082
_a
184/P66S
100
_a
Platón
245
0
_a
Sophiste, Politique, Timée e Critias
264
_b
Garnier/Flammarion
942
_c
LIB
999
_c
4216
_d
4216